000 00632nam a2200241Ia 4500
003 OSt
005 20220918193219.0
006 a|||||r|||| 00| 0
007 ta
008 220917b |||||||| |||| 00| 0 eng d
024 _a72,282
037 _cTextual
040 _aARTS
_cARTS
_beng
041 _2eng
_aeng
082 _aR43, L8
100 _aBermant Gordon ed
_981256
245 0 _aEthics of social intervention
260 _aWashington
_bHemisphere Pub
_c1978
300 _axiv,431p.
_ccm.
650 _aSOCIAL ETHICS
_9763
942 _hR43, L8
_cTEXL
_2CC
999 _c198286
_d198286